Potomok Raiszovcov daroval hradu veľkú cennosť

Bibliographic Details
Format: Article
Language:Slovak
PhysicalDescription:Fotogr.
Subjects:

MARC

LEADER 00000nab a2200000 a 4500
001 vtls009084293
003 SK-MaSNL
005 20260303190024.0
008 070801 2007 xo w n 000 0 slo
038 |a SLLK 
040 |a SLLK  |b slo  |c sllk  |e AACR2 
041 0 |a slo 
044 |a xo  |c SK 
080 |a 728.81  |2 1997 
080 |a 069.013  |2 1997 
245 0 0 |a Potomok Raiszovcov daroval hradu veľkú cennosť  |c Text (hm) ; foto (ĽM) 
300 |b Fotogr. 
600 3 7 |a Raisz (rod)  |2 sllk  |9 712420 
600 3 7 |a Endelmayer (rod)  |2 sllk  |9 1217886 
610 2 7 |a Ľubovnianske múzeum (Stará Ľubovňa, Slovensko)  |2 snkbucl  |9 33159 
610 2 7 |a Ľubovniansky hrad (Stará Ľubovňa, Slovensko)  |2 SNKKA  |9 102635 
648 7 |a 2007  |2 snkbucl  |9 313226 
648 7 |a 19. stor.  |2 snkbucl  |9 278793 
651 7 |a Stará Ľubovňa (Slovensko)  |2 snkbucl  |9 19193 
773 0 |t Ľubovnianske noviny  |g Roč. XXXIII, č. 30 (2007), s. 3 
852 |a SLLK  |b KIS3GCP 
999 |c 2134204  |d 2136134